00317nam a22000977a 450000500170000000800410001702000150005804000080007324500960008126000420017720200831112815.0200831b ||||| |||| 00| 0 eng d a0237509792 cCML aSecondary Mathematics for Uganda Tutor Text 1.cBull, A.C.R., Busbridge, J.N., Ferris, V.W. aLondonbEvans Brothers Limited c1988